00485nam a2200121Ia 4500008004100000100002200041245015000063245005600213260000900269300001000278650001300288856006200301170221s9999 xx 000 0 und d aJeffrey L. Callen 4aThe Volatility of Return Revisions and Financial Statement Literacy in Emerging Markets: The Case of Cross-listed Chinese Firms (pages 572–596) cJeffrey L. Callen, Karen M.Y. Lai and Steven X. Wei c2017 a6 : 1 xBusiness uhttp://onlinelibrary.wiley.com/doi/10.1111/jbfa.12180/pdf